| 000 | 00512nam a22001817a 4500 | ||
|---|---|---|---|
| 003 | CEME | ||
| 005 | 20210628202843.0 | ||
| 008 | 210203b xxu||||| |||| 00| 0 eng d | ||
| 020 | _a0-8031-1889-9 | ||
| 040 | _c. | ||
| 082 | _a628.9223 FIR | ||
| 100 |
_aFowell, Andrew J _961972 |
||
| 245 | _aFire and flammabillity of furnishings and contents of buildings | ||
| 260 |
_aUSA _bASTM _c1994 |
||
| 300 | _a242P | ||
| 650 |
_aFURNITURE-FIRE TESTING-CONGRESSES, FIRE TESTING-CONGRESSES _961973 |
||
| 942 |
_cBK _2ddc |
||
| 999 |
_c571234 _d571234 |
||